000 00510nam a2200193Ia 4500
008 151121s9999||||xx |||||||||||||| ||und||
082 _a823/BER
082 _bHNW-20678
100 _aBernstein Herman
245 _aM Gorky The Man Who Was Afraid
260 _b"Ernest Benn Ltd।, London।"
260 _c--
300 _a286
600 _aBernstein Herman
630 _aM Gorky The Man Who Was Afraid
700 _aBernstein Herman
730 _aM Gorky The Man Who Was Afraid
942 _cBOOK
999 _c1221248
_d1221245